| 000 | 00656nam a2200193 a 4500 | ||
|---|---|---|---|
| 999 |
_c381 _d381 |
||
| 020 | _a0323023290 | ||
| 050 | _aRT 89.M33 | ||
| 100 | 1 | _aMarrelli, T. M. | |
| 245 | 1 | 4 |
_aThe nurse manager's survival guide : _bpractical answers to everyday problems / _cT.M. Marrelli ; with assistance from Lynda S. Hilliard. |
| 250 | _a3rd ed. | ||
| 260 |
_aSt. Louis : _bMosby, _cc2004. |
||
| 300 |
_axix, 395 p. : _bill. ; _c24 cm. |
||
| 650 | 0 |
_aNursing services _xAdministration. |
|
| 650 | 1 | 2 | _aNursing, Supervisory. |
| 650 | 2 | 2 |
_aNursing Services _xorganization & administration. |
| 650 | 2 | 2 |
_aPersonnel Management _xmethods. |
| 700 | 1 | _aHilliard, Lynda S. | |
| 942 | _cBK | ||